000 00722cam a2200241 a 4500
001 917132
003 ARRUPE
005 20130926122419.0
008 821215s1983 pau b 001 0 eng
010 _a 82024705
020 _a0664244394 (pbk.)
040 _aDLC
_cDLC
_dDLC
050 0 0 _aBT119
_b.H47 1983
100 1 _aHeron, Alasdair I. C.
_91370
245 1 4 _aThe Holy Spirit /
_cAlasdair I.C. Heron.
260 _aPhiladelphia :
_bWestminster Press,
_cc1983.
300 _aix, 212 p. ;
_c21 cm.
500 _aIncludes indexes.
504 _aBibliography: p. [181]-182.
650 0 _aHoly Spirit
_xHistory of doctrines.
_91371
906 _a7
_bcbc
_corignew
_d1
_eocip
_f19
_gy-gencatlg
942 _2lcc
_cMONOGRAPH
999 _c118075
_d118075